Statistics for Sport quiz

Click here to take the quiz!

General Stats

  • This quiz has been taken 9 times
  • The average score is 9 of 16

Answer Stats

Answer% Correct
tennis
89%
beach volleyball
78%
bowling
78%
kayaking
78%
rock climbing
78%
volleyball
78%
basketball
67%
boxing
67%
football
67%
ice skating
67%
sailing
56%
gymnastics
44%
baseball
33%
kung fu
11%
freestyle BMX
0%
wife carrying
0%

Score Distribution

Percentile by Number Answered

Percent of People with Each Score

Your Score History

You have not taken this quiz